|
|
|
|
| LEADER |
01529nam a2200433Ia 4500 |
| 001 |
EBC459669 |
| 003 |
MiAaPQ |
| 005 |
20200520144314.0 |
| 006 |
m o d | |
| 007 |
cr cn||||||||| |
| 008 |
070508s2007 dcua sb 001 0 eng d |
| 010 |
|
|
|z 2007298431
|
| 020 |
|
|
|z 9780821371190
|
| 020 |
|
|
|z 0821371193
|
| 020 |
|
|
|z 9780821371206
|
| 020 |
|
|
|z 0821371207
|
| 035 |
|
|
|a (MiAaPQ)EBC459669
|
| 035 |
|
|
|a (Au-PeEL)EBL459669
|
| 035 |
|
|
|a (CaPaEBR)ebr10180742
|
| 035 |
|
|
|a (CaONFJC)MIL94030
|
| 035 |
|
|
|a (OCoLC)935270965
|
| 040 |
|
|
|a MiAaPQ
|c MiAaPQ
|d MiAaPQ
|
| 043 |
|
|
|a e-pl---
|
| 050 |
|
4 |
|a HD7197.7
|b .R83 2007
|
| 100 |
1 |
|
|a Rudolph, Heinz P.
|
| 245 |
1 |
0 |
|a Competition and performance in the Polish second pillar
|h [electronic resource] /
|c by Heinz Rudolph and Roberto Rocha.
|
| 260 |
|
|
|a Washington, DC :
|b World Bank,
|c 2007.
|
| 300 |
|
|
|a v, 53 p. :
|b ill.
|
| 490 |
1 |
|
|a World Bank working paper,
|x 1726-5878 ;
|v no. 107
|
| 504 |
|
|
|a Includes bibliographical references and index.
|
| 533 |
|
|
|a Electronic reproduction. Ann Arbor, MI : ProQuest, 2015. Available via World Wide Web. Access may be limited to ProQuest affiliated libraries.
|
| 650 |
|
0 |
|a Pensions
|z Poland.
|
| 650 |
|
0 |
|a Pension trusts
|z Poland.
|
| 655 |
|
4 |
|a Electronic books.
|
| 700 |
1 |
|
|a Rocha, Roberto Rezende.
|
| 710 |
2 |
|
|a World Bank.
|
| 710 |
2 |
|
|a ProQuest (Firm)
|
| 830 |
|
0 |
|a World Bank working paper ;
|v no. 107.
|
| 856 |
4 |
0 |
|u https://ebookcentral.proquest.com/lib/matrademy/detail.action?docID=459669
|z Click to View
|